00429nam a2200157Ia 4500008004100000020001500041082001600056100002100072245002000093250000800113260003700121300002300158500001900181600002100200650005000221240925s9999 xx 000 0 und d a8185749647 a005.133 PAN aPandey, Sunil K. 0aThinking in C++ a1st aNew Delhi:bKatson Booksc,2014. a389p.b0fOriginal aIncludes Index aComputer Science aComputer science, information & general works